ARRUPE JESUIT UNIVERSITY

CORONAVIRUS -STOP THE SPREAD - CLEAN,DISINFECT,COVER

History through verse (Record no. 119304)

MARC details
000 -LEADER
fixed length control field 00361nam a22001337a 4500
008 - FIXED-LENGTH DATA ELEMENTS--GENERAL INFORMATION
fixed length control field 131217b xxu||||| |||| 00| 0 eng d
050 ## - LIBRARY OF CONGRESS CALL NUMBER
Classification number PR6003.L2H5
100 ## - MAIN ENTRY--PERSONAL NAME
Personal name Black, A. W.
9 (RLIN) 5828
245 ## - TITLE STATEMENT
Title History through verse
260 ## - PUBLICATION, DISTRIBUTION, ETC. (IMPRINT)
Place of publication, distribution, etc London
Name of publisher, distributor, etc Arthur Barker
Date of publication, distribution, etc 1937
300 ## - PHYSICAL DESCRIPTION
Extent 120p.
Dimensions 25cm
700 ## - ADDED ENTRY--PERSONAL NAME
Personal name Narbeth, W. A. (illustr)
9 (RLIN) 5829
942 ## - ADDED ENTRY ELEMENTS (KOHA)
Source of classification or shelving scheme Library of Congress Classification
Item type Monograph ( Printed materials)
Holdings
Withdrawn status Lost status Source of classification or shelving scheme Damaged status Not for loan Home library Current library Date acquired Total Checkouts Full call number Barcode Date last seen Price effective from Koha item type
    Library of Congress Classification     ARRUPE LIBRARY ARRUPE LIBRARY 17/12/2013   PR6003.L2H5 464122621 17/12/2013 17/12/2013 Monograph ( Printed materials)

 

Arrupe Library. PO Box MP320 Mt Pleasant, Harare, Zimbabwe
263 242 745411|librarian@aju.ac.zw